Turning on the mind (Registro nro. 184624)

Detalles MARC
000 -ENCABEZADO
Número de control [NR] 00841 a2200229 4500
005 - FECHA Y HORA DE LA ÚLTIMA TRANSACCIÓN
control field 20140903175028.0
008 - DE LONGITUD FIJA DE DATOS DE ELEMENTOS - INFORMACIÓN GENERAL
Elementos de longitud fija [NR] 140214s2007 xxua fr 001 0 eng d
020 ## - NUMERO INTERNACIONAL NORMALIZADO PARA LIBROS [R]
Número Internacional Normalizado del libro [NR] 0226509915
020 ## - NUMERO INTERNACIONAL NORMALIZADO PARA LIBROS [R]
Número Internacional Normalizado del libro [NR] 9780226509914
040 ## - FUENTE DE CATALOGACION [NR]
Agencia de catalogación original [NR] CO-BoUCM
Idioma de catalogación [NR] spa
Quien Cataloga Jose A. Gerena
Quien Clasifica
041 ## - CODIGO DE IDIOMA [R]
Código de idioma para texto/pista de sonido o título separado [R] Inglés
100 1# - ASIENTO PRINCIPAL--NOMBRE PERSONAL [NR]
Nombre personal [NR] Chaplin, Tamara
ID Autoridad 56229
245 10 - MENCION DE TITULO [NR]
Título [NR] Turning on the mind
Parte restante del título [NR] french philosophers on television
Mención de responsabilidad, etc. [NR] Tamara Chaplin
260 ## - PUBLICACION, DISTRIBUCION, ETC. (PIE DE IMPRENTA) [R]
Fecha de publicación, distribución, etc. [R] 2007
Nombre del editor, distribuidor, etc. [R] University of Chicago press
Lugar de publicación, distribución, etc. [R] Chicago (Illinois, estados Unidos)
300 ## - DESCRIPCION FISICA [R]
Extensión [R] xvi, 334 páginas
Otros detalles físicos [NR] ilustraciones
504 ## - NOTA DE BIBLIOGRAFIA, ETC. [R]
Nota de bibliografía, etc. [NR] Incluye referencias bibliográficas e índices
650 #7 - ASIENTO SECUNDARIO DE MATERIA - TERMINO TEMATICO [R]
9 (RLIN) 15872
Término temático o nombre geográfico como elemento de entrada [NR] Filósofos franceses
650 #7 - ASIENTO SECUNDARIO DE MATERIA - TERMINO TEMATICO [R]
Término temático o nombre geográfico como elemento de entrada [NR] Entrevistas en telecisión
Subdivisión geográfica [R] Francia
Subdivisión de forma [R] Entrevistas
9 (RLIN) 56355
690 ## - ASUNTO AGREGADO LOCAL DE ENTRADA - TÉRMINO TEMÁTICO (OCLC, RLIN)
9 (RLIN) 42814
Acceso temático local Filosofía
942 ## - ELEMENTOS DE ENTRADA AGREGADOS (KOHA)
Tipo de ítem principal el descrito en 300a Libro
Tema principal Filosofía
Edición 1
Parte restante de la signatura top. C464
Sistema de clasificación DEWEY
Clasificación 194
Existencias
Total préstamos Signatura topográfica Código de barras Última vez visto Ejemplar Costo de reposición Price effective from Tipo de ítem Perdido Sistema de clasificación Dañado No prestable Tipo de ítem específico Suprimido Ubicación habitual Ubicación actual Localización Fecha de creación Proveedor Forma de adquisición Costo
  194 C464 100140202 05/12/2025 Ej.1 47400.00 17/01/2014 Libro   DEWEY     Libro   Claustro Claustro 2do piso 17/01/2014 15 Compra 47400.00